Statistiques concernant Clique sur la bonne capitale d'Europe

Cliquez ici pour prendre le quiz!

Statistiques générales

  • Ce quiz a été pris 100 fois
  • Le résultat moyen est 9 sur 10

Statistiques - réponses

QuestionRéponse% Correct
Quelle est la capitale de l'Allemagne?Berlin
100%
Quelle est la capitale de l'EspagneMadrid
99%
Quelle est la capitale de l'ItalieRome
99%
Quelle est la capitale du Portugal ?Lisbonne
97%
Quelle est la capitale de la Belgique ?Bruxelles
96%
Quelle est la capitale de la Pologne ?Varsovie
93%
Quelle est la capitale d'Andorre ?Andorre-la-Vieille
89%
Quelle est la capitale de la Suisse ?Berne
89%
Quelle est la capitale de la Hongrie ?Budapest
81%
Quelle est la capitale de la Slovénie ?Ljubljana
71%

Distribution des résultats

Percentile par nombre de réponses

% des personnes avec chaque résultat

Votre développement - résultats

Vous n’avez pas pris ce quiz